Mystic Messenger Quiz Name (FULL) - Statistics

General Stats
  • This quiz has been taken 241 times
  • The average score is 6 of 9
Answer Stats
Hint Answer % Correct
Jumin Han
90%
Jaehee Kang
84%
No last name Rika
84%
Saeyoung Choi
81%
Yoosung Kim
80%
Saeran Choi
77%
Jihyun Kim
59%
MC
39%
Mary Vanderwood
22%
No matching quizzes found
Score Distribution
Percent of People with Each Score
Percentile by Number Answered
Your Score History
You have not taken this quiz